000 00561nam a22002057a 4500
999 _c6231
_d6231
003 OSt
005 20190816141322.0
008 190816b ||||| |||| 00| 0 eng d
020 _a9781464113499
040 _cddc
082 _a577.14 BAI 2012
100 _aBaird, Colin; Cann, Michael C.
_912822
245 _aEnvironmental Chemistry
250 _a5th ed.
260 _aNew York;
_bW.H.Freeman,
_c2012
300 _axxxii,776p;
_bcol.ill:
_c23cm
504 _aAppendix, answers, & included
650 _aEnvironmental chemistry
_94192
942 _2ddc
_cBOOK